000 00498nam a2200181Ia 4500
008 131103s9999 xx 000 0 und d
020 _cRs.20
040 _aLoreto College
041 _aEnglish
082 _a891.431/DHU-SIN
_bLCLIB/35431
245 _aDhumil ki Kavitayen
_cEdited by Shukdev Singh
260 _aVaranasi
_bVisvavidhalaya Prakasan
_c1983
300 _a98 p.
_c 22 cm.
650 _aHindi Poetry
700 _aSingh,Shukdev,ed
850 _aLCLIB/891.431/DHU-SIN
942 _cBK
999 _c18226
_d68705